Tales of martyr times / (Record no. 6190)

MARC details
000 -LEADER
fixed length control field 00532nam a22001937a 4500
003 - CONTROL NUMBER IDENTIFIER
control field GBCCL
005 - DATE AND TIME OF LATEST TRANSACTION
control field 20241126110558.0
008 - FIXED-LENGTH DATA ELEMENTS--GENERAL INFORMATION
fixed length control field 180503b ||||| |||| 00| 0 eng d
040 ## - CATALOGING SOURCE
Transcribing agency gbc
082 ## - DEWEY DECIMAL CLASSIFICATION NUMBER
Classification number 813.54
Item number ALC
100 ## - MAIN ENTRY--PERSONAL NAME
Personal name Alcock, Deborah
9 (RLIN) 11125
245 ## - TITLE STATEMENT
Title Tales of martyr times /
Statement of responsibility, etc. Deborah Alcock
250 ## - EDITION STATEMENT
Edition statement 1st Ind. ed.
260 ## - PUBLICATION, DISTRIBUTION, ETC.
Place of publication, distribution, etc. Bombay:
Name of publisher, distributor, etc. Gospel Literature service,
Date of publication, distribution, etc. 1967
300 ## - PHYSICAL DESCRIPTION
Extent 158 p.;
Dimensions 17 cm.
650 ## - SUBJECT ADDED ENTRY--TOPICAL TERM
Topical term or geographic name entry element Martyrdom
Form subdivision Christianity
General subdivision Fiction
9 (RLIN) 11126
650 ## - SUBJECT ADDED ENTRY--TOPICAL TERM
Topical term or geographic name entry element Short stories
9 (RLIN) 11127
942 ## - ADDED ENTRY ELEMENTS (KOHA)
Source of classification or shelving scheme Dewey Decimal Classification
Koha item type Books
Holdings
Withdrawn status Lost status Source of classification or shelving scheme Damaged status Not for loan Home library Current Library Shelving location Date acquired Total checkouts Full call number Barcode Date last seen Copy number Price effective from Koha item type
    Dewey Decimal Classification     GRACE BIBLE COLLEGE GRACE BIBLE COLLEGE General Studies 2018-05-03   813.54 ALC 000760 2025-05-01 c.1 2018-05-03 Books
© Grace Bible College Library 2025